Reprezentacje które grały na mundialu 2022 - Statystyki

Ogólne statystyki
  • Ten quiz został rozwiązany 121 razy
  • Średni wynik to 27 z 32
Statystyki odpowiedzi
grupa koszyk rperezentacja % Poprawnych
C 1 Argentyna
100%
C 3 Polska
100%
C 4 Arabia saudyjska
96%
E 2 Niemcy
95%
H 1 Portugalia
94%
G 1 Brazylia
93%
D 1 Francja
93%
A 1 Katar
93%
C 2 Meksyk
93%
B 1 Anglia
91%
E 1 Hiszpania
91%
E 3 Japonia
91%
F 2 Chorwacja
89%
F 3 Maroko
89%
A 2 Holandia
87%
B 2 USA
87%
H 3 Korea południowa
86%
F 1 Belgia
84%
A 4 Ekwador
84%
D 4 Australia
82%
E 4 Kostaryka
80%
B 4 Walia
80%
D 2 Dania
78%
A 3 Senegal
78%
F 4 Kanada
77%
G 2 Szwajcaria
75%
H 2 Urugwaj
74%
B 3 Iran
73%
G 3 Serbia
70%
H 4 Ghana
68%
G 4 Kamerun
65%
D 3 Tunezja
64%
Nie znaleziono quizów pasujących do podanych kryteriów
Rozkład punktacji
Procent ludzi z każdym wynikiem
Percentyl według liczby udzielonych odpowiedzi
Twoja historia wyników
Nie rozwiązałeś tego quizu